Countries voting to support Russian presence in Ukraine - Statistics

General Stats
  • This quiz has been taken 203 times
  • The average score is 11 of 19
Answer Stats
Hint Answer % Correct
5 China
92%
12 North Korea
88%
2 Belarus
87%
7 Iran
76%
17 Syria
75%
6 Cuba
72%
18 Venezuela
68%
1 Armenia
64%
14 Russia
62%
15 Serbia
58%
11 Nicaragua
51%
9 Laos
48%
10 Myanmar
47%
16 Sudan
44%
4 Cambodia
42%
8 Kyrgyzstan
42%
19 Zimbabwe
32%
3 Burundi
22%
13 Philippines
16%
No matching quizzes found
Score Distribution
Percent of People with Each Score
Percentile by Number Answered
Your Score History
You have not taken this quiz